Rectas y curvas /
Guardado en:
| Autor Principal: | |
|---|---|
| Otros Autores: | |
| Formato: | Libro |
| Idioma: | Spanish Russian |
| Publicado: |
Moscú :
Editorial Mir,
c1980.
|
| Etiquetas: |
Agregar Etiqueta
Sin Etiquetas, Sea el primero en etiquetar este registro!
|
| LEADER | 00787nam a22002055a 4500 | ||
|---|---|---|---|
| 001 | MAT.inmabb002801 | ||
| 008 | 050916s1980####ru#a##########000#0#spa#d | ||
| 005 | 20110908172621.0 | ||
| 245 | 1 | 0 | |a Rectas y curvas / |c N. B. Vasíliev, V. L. Gutenmájer ; [traducido del ruso por Margarita Gómez]. |
| 260 | |a Moscú : |b Editorial Mir, |c c1980. | ||
| 300 | |a 197 p. : |b il. ; |c 18 cm. | ||
| 500 | |a Traducción de: Priamye i krivye (1978). | ||
| 500 | |a "Contiene alrededor de doscientos problemas"--Prólogo. | ||
| 100 | 1 | |a Vasil´ev, N. B. |q (Nikolai Borisovich) | |
| 240 | 1 | 0 | |a Priamye i krivye. |l Español |
| 700 | 1 | |a Gutenmakher, V. L. |q (Viktor L´vovich) | |
| 084 | |a 51-01 |2 msc2000 | ||
| 041 | 1 | |a spa |h rus | |
| 859 | |h 51 |i V334 |p A-5254 |b BIB. MATEMATICA | ||
| 859 | |h 51 |i V334 |p A-5255 |t Ej. 2 |b BIB. MATEMATICA | ||
